[Event "EU-ch 23rd"]
[Site "Vrnjacka Banja"]
[Date "2023.03.10"]
[Round "8"]
[White "Starcevic, Ante Leon"]
[Black "Marcetic, Nikola"]
[Result "1/2-1/2"]
[WhiteElo "2202"]
[BlackElo "2309"]
[PlyCount "100"]
[EventDate "2023.03.03"]
[EventType "swiss"]
[EventRounds "11"]
[EventCountry "SRB"]
[SourceTitle "CBM 213"]
[Source "ChessBase"]
[SourceDate "2023.04.30"]
[SourceVersion "1"]
[SourceVersionDate "2023.04.30"]
[SourceQuality "1"]

1. d4 d5 2. Nf3 c6 3. Bf4 Bf5 4. e3 e6 5. c4 Nf6 6. Qb3 Qb6 7. c5 Qxb3 8. axb3 Bxb1 9. Rxb1 Nbd7 10. h3 Be7 11. b4 a6 12. Ra1 0-0 13. Nd2 Rac8 14. Nb3 Bd8 15. Bd6 Re8 16. Na5 Bxa5 17. bxa5 e5 18. dxe5 Ne4 19. b4 Nxe5 20. Bxe5 Rxe5 21. Be2 Nc3 22. Bf3 d4 23. Kd2 Ne4+ 24. Bxe4 Rxe4 25. Kd3 f5 26. f3 Rxe3+ 27. Kxd4 Re2 28. Rhe1 Rd8+ 29. Kc3 Rxg2 30. Rad1 Rxd1 31. Rxd1 Rg3 32. Rd8+ Kf7 33. Rd7+ Ke6 34. Rxb7 Rxf3+ 35. Kd4 Rxh3 36. Rxg7 Rh4+ 37. Kc3 f4 38. Rc7 f3 39. Rxc6+ Ke5 40. Kd2 Re4 41. Rc8 Rxb4 42. c6 Kd6 43. c7 Rf4 44. Ke1 Rf6 45. Ra8 Kxc7 46. Ra7+ Kb8 47. Rxh7 Rf5 48. Kf2 Rxa5 49. Kxf3 Re5 50. Kf2 a5 1/2-1/2

[Event "EU-ch 23rd"]
[Site "Vrnjacka Banja"]
[Date "2023.03.07"]
[Round "5"]
[White "Marcetic, Nikola"]
[Black "Leskovac, Nikola"]
[Result "1-0"]
[WhiteElo "2309"]
[BlackElo "2103"]
[PlyCount "113"]
[EventDate "2023.03.03"]
[EventType "swiss"]
[EventRounds "11"]
[EventCountry "SRB"]
[SourceTitle "CBM 213"]
[Source "ChessBase"]
[SourceDate "2023.04.30"]
[SourceVersion "1"]
[SourceVersionDate "2023.04.30"]
[SourceQuality "1"]

1. d4 Nf6 2. Bg5 d5 3. Bxf6 exf6 4. e3 Bd6 5. c4 dxc4 6. Bxc4 0-0 7. Nc3 a6 8. a3 c5 9. dxc5 Bxc5 10. Bxf7+ Kxf7 11. Qh5+ Kg8 12. Qxc5 Be6 13. Nge2 Nd7 14. Qd6 Re8 15. 0-0 Ne5 16. Qxd8 Rexd8 17. Nd4 Bf7 18. Rfd1 Kf8 19. b3 Rac8 20. Rac1 g6 21. Nce2 Rxc1 22. Rxc1 Rd7 23. h3 b6 24. f4 Nd3 25. Rc6 Ke7 26. Rxb6 Rd6 27. Rb7+ Rd7 28. Rxd7+ Kxd7 29. Nc3 f5 30. g4 fxg4 31. hxg4 h5 32. gxh5 gxh5 33. Ne4 Ke7 34. b4 h4 35. Nf5+ Ke6 36. Nxh4 Kd5 37. Nd2 Kc6 38. Nf5 Ba2 39. Nd4+ Kd5 40. Ne2 Kd6 41. Nc3 Bg8 42. Kg2 Ne1+ 43. Kf2 Nc2 44. Ndb1 Bc4 45. e4 Ke6 46. Nd2 Nxa3 47. Nxc4 Nxc4 48. Ke2 Nd6 49. Kd3 Nb7 50. Na4 Kd6 51. Nc5 Nxc5+ 52. bxc5+ Kxc5 53. f5 a5 54. e5 Kd5 55. e6 Kd6 56. Kc4 a4 57. Kb4 1-0

[Event "SRB-chT 1st League CS"]
[Site "Bajina Basta"]
[Date "2021.09.29"]
[Round "5.6"]
[White "Marcetic, Nikola"]
[Black "Vulicevic, Dobrica"]
[Result "1-0"]
[WhiteElo "2307"]
[BlackElo "2062"]
[PlyCount "117"]
[EventDate "2021.09.26"]
[EventType "team-tourn"]
[EventRounds "11"]
[EventCountry "SRB"]
[SourceTitle "EXT 2023"]
[Source "ChessBase"]
[SourceDate "2022.10.05"]
[SourceVersion "1"]
[SourceVersionDate "2022.10.05"]
[SourceQuality "1"]
[WhiteTeam "Pozega"]
[BlackTeam "Smederevska Palanka Jasenica"]
[WhiteTeamCountry "SRB"]
[BlackTeamCountry "SRB"]

1. d4 d6 2. Nf3 Nf6 3. g3 g6 4. Bg2 Bg7 5. 0-0 0-0 6. Re1 Nbd7 7. e4 e5 8. Nc3 Re8 9. h3 c6 10. a4 a5 11. dxe5 dxe5 12. Be3 Qe7 13. Nd2 Qb4 14. Ra3 Bf8 15. Qc1 Qe7 16. Rd1 Qe6 17. Ra1 Nc5 18. b3 b6 19. Nc4 Rb8 20. Bh6 Be7 21. g4 Ba6 22. Ne3 Rbd8 23. Rxd8 Rxd8 24. Nf5 Ne8 25. Nxe7+ Qxe7 26. Bg5 f6 27. Be3 Ng7 28. Bf1 Bxf1 29. Qxf1 Nge6 30. Qc4 Kg7 31. Ne2 Qd6 32. c3 Qd3 33. Qxd3 Rxd3 34. b4 Nd7 35. Kg2 g5 36. Ra2 Nf4+ 37. Kf3 Kf7 38. h4 h6 39. Rd2 Rxd2 40. Bxd2 Nd3 41. h5 Nb2 42. Ng3 Nxa4 43. Nf5 axb4 44. cxb4 c5 45. Nxh6+ Kg7 46. Nf5+ Kh7 47. bxc5 bxc5 48. Nd6 Nab6 49. Ba5 Na4 50. Ke3 c4 51. Nxc4 Nac5 52. Nd6 Ne6 53. f3 Ndc5 54. Bb4 Nd7 55. Ne8 Kg8 56. h6 Kh7 57. Be7 Kxh6 58. Nxf6 Nxf6 59. Bxf6 1-0

[Event "SRB-chT 1st League"]
[Site "Bajina Basta"]
[Date "2020.10.12"]
[Round "3.1"]
[White "Nikolic, Dragovan"]
[Black "Marcetic, Nikola"]
[Result "1/2-1/2"]
[WhiteElo "2192"]
[BlackElo "2329"]
[PlyCount "57"]
[EventDate "2020.10.10"]
[EventType "team-tourn"]
[EventRounds "11"]
[EventCountry "SRB"]
[SourceTitle "CBM 198 Extra"]
[Source "ChessBase"]
[SourceDate "2020.11.30"]
[SourceVersion "1"]
[SourceVersionDate "2020.11.30"]
[SourceQuality "1"]
[WhiteTeam "Arandjelovac"]
[BlackTeam "Pozega"]
[WhiteTeamCountry "SRB"]
[BlackTeamCountry "SRB"]

1. Nf3 d5 2. g3 c6 3. Bg2 Nf6 4. 0-0 Bg4 5. b3 e6 6. Bb2 Nbd7 7. c4 Bd6 8. d3 Qe7 9. Nbd2 Ba3 10. Qc1 Bxb2 11. Qxb2 a5 12. a3 0-0 13. Rfe1 e5 14. cxd5 cxd5 15. Nf1 b5 16. Rec1 Rac8 17. Ne3 Bxf3 18. Bxf3 d4 19. Nf1 b4 20. Nd2 Rc3 21. Nc4 Qc5 22. axb4 axb4 23. Ra5 Rxc1+ 24. Qxc1 Qc7 25. Qd2 Rb8 26. Qa2 g6 27. Ra7 Qc5 28. Ra5 Qe7 29. Ra7 1/2-1/2

[Event "SRB-chT Central"]
[Site "Kragujevac"]
[Date "2018.09.22"]
[Round "11.1"]
[White "Marcetic, Nikola"]
[Black "Gavrilovic, Leonardo"]
[Result "1-0"]
[WhiteElo "2333"]
[BlackElo "2243"]
[PlyCount "91"]
[EventDate "2018.09.14"]
[EventType "team-tourn"]
[EventRounds "11"]
[EventCountry "SRB"]
[SourceTitle "CBM 186 Extra"]
[Source "ChessBase"]
[SourceDate "2018.08.24"]
[SourceVersion "1"]
[SourceVersionDate "2018.08.24"]
[SourceQuality "1"]
[WhiteTeam "Pozega"]
[BlackTeam "Cacak Borac"]
[WhiteTeamCountry "SRB"]
[BlackTeamCountry "SRB"]

1. d4 Nf6 2. Bg5 Ne4 3. Bf4 d5 4. Nd2 Nxd2 5. Qxd2 e6 6. Nf3 c5 7. e3 Nc6 8. c3 Be7 9. Bd3 Bd7 10. 0-0 a5 11. dxc5 Bxc5 12. e4 d4 13. e5 Qb6 14. Ng5 h6 15. Ne4 Ne7 16. cxd4 Bb4 17. Nd6+ Qxd6 18. exd6 Bxd2 19. Bxd2 Nc8 20. Bf4 Bc6 21. Rac1 Kd7 22. d5 exd5 23. Bf5+ Kd8 24. Rfe1 g6 25. Be5 Nxd6 26. Bf6+ Kc7 27. Re7+ Kb6 28. Bd4+ Ka6 29. Rxc6+ bxc6 30. Bd3+ Nb5 31. Bxh8 Rxh8 32. a4 Kb6 33. axb5 c5 34. Rxf7 c4 35. Bxg6 Rd8 36. Kf1 Rd6 37. Bf5 Kc5 38. Ke2 d4 39. Kd2 Kb4 40. Rd7 Rf6 41. g4 d3 42. Rc7 Kxb5 43. Kc3 Rd6 44. Rd7 Rf6 45. Rd5+ Kb6 46. Kxc4 1-0

[Event "SRB-chT Central"]
[Site "Kragujevac"]
[Date "2018.09.19"]
[Round "8.5"]
[White "Stankovic, Dragan P"]
[Black "Marcetic, Nikola"]
[Result "1/2-1/2"]
[WhiteElo "2229"]
[BlackElo "2333"]
[PlyCount "41"]
[EventDate "2018.09.14"]
[EventType "team-tourn"]
[EventRounds "11"]
[EventCountry "SRB"]
[SourceTitle "CBM 186 Extra"]
[Source "ChessBase"]
[SourceDate "2018.08.24"]
[SourceVersion "1"]
[SourceVersionDate "2018.08.24"]
[SourceQuality "1"]
[WhiteTeam "Smederevska Palanka Jasenica"]
[BlackTeam "Pozega"]
[WhiteTeamCountry "SRB"]
[BlackTeamCountry "SRB"]

1. g3 d5 2. Nf3 c6 3. Bg2 Bg4 4. d3 Nd7 5. Nbd2 Ngf6 6. h3 Bh5 7. 0-0 e5 8. Nh4 g5 9. Nf5 Bg6 10. e4 h5 11. Qe2 Bxf5 12. exf5 Qc7 13. Nf3 g4 14. hxg4 hxg4 15. Ng5 Rh5 16. f4 Bc5+ 17. Be3 Bxe3+ 18. Qxe3 Kf8 19. Ne6+ fxe6 20. fxe6 exf4 21. Qxf4 1/2-1/2

[Event "Veliko Gradiste Silver Lake op"]
[Site "Veliko Gradiste"]
[Date "2018.06.19"]
[Round "4"]
[White "Marcetic, Nikola"]
[Black "Radovic, Stefan"]
[Result "1-0"]
[WhiteElo "2342"]
[BlackElo "2047"]
[PlyCount "115"]
[EventDate "2018.06.17"]
[EventType "swiss"]
[EventRounds "9"]
[EventCountry "SRB"]
[SourceTitle "CBM 185 Extra"]
[Source "ChessBase"]
[SourceDate "2018.07.29"]
[SourceVersion "1"]
[SourceVersionDate "2018.07.29"]
[SourceQuality "1"]

1. d4 d5 2. c4 c6 3. Nf3 Nf6 4. e3 a6 5. Nc3 Bg4 6. Qb3 Ra7 7. Ne5 e6 8. Nxg4 Nxg4 9. Be2 Nf6 10. Bd2 Nbd7 11. cxd5 exd5 12. Rc1 Bd6 13. Na4 Ne4 14. Bb4 0-0 15. Bxd6 Nxd6 16. 0-0 Re8 17. Qc2 Ne4 18. Bd3 h5 19. f3 Nd6 20. Rce1 Ra8 21. Nc5 Nxc5 22. dxc5 Nb5 23. e4 Qf6 24. exd5 Qd4+ 25. Kh1 Qxd5 26. Bc4 Qg5 27. Qb3 Qf4 28. Re4 Qf6 29. a4 Nc7 30. Qxb7 Nd5 31. Bxd5 cxd5 32. Qxd5 Qxb2 33. Rfe1 Red8 34. Qxh5 Qc3 35. Qe5 Qxe5 36. Rxe5 Rac8 37. h4 f6 38. Rf5 Rd4 39. Re4 Rd1+ 40. Kh2 Rc1 41. Re6 Rc4 42. Rxa6 Rxh4+ 43. Kg3 Rc4 44. Ra5 Kf7 45. Rf4 R4xc5 46. Ra7+ Kg6 47. Rg4+ Rg5 48. Rxg5+ fxg5 49. Ra6+ Kf5 50. Rb6 Rc4 51. a5 Ra4 52. a6 g6 53. Kf2 Ra2+ 54. Ke3 Ra3+ 55. Kd4 Ra4+ 56. Kc5 g4 57. fxg4+ Rxg4 58. Rb2 1-0

[Event "SRB-chT 1st League"]
[Site "Banja Vrujci"]
[Date "2017.09.20"]
[Round "6.5"]
[White "Novoselski, Zoran"]
[Black "Marcetic, Nikola"]
[Result "1/2-1/2"]
[WhiteElo "2337"]
[BlackElo "2354"]
[PlyCount "22"]
[EventDate "2017.09.16"]
[EventType "team"]
[EventRounds "11"]
[EventCountry "SRB"]
[SourceTitle "CBM 180 Extra"]
[Source "ChessBase"]
[SourceDate "2017.10.06"]
[SourceVersion "1"]
[SourceVersionDate "2017.10.06"]
[SourceQuality "1"]
[WhiteTeam "Kragujevac Radnicki"]
[BlackTeam "Pozega"]
[WhiteTeamCountry "SRB"]
[BlackTeamCountry "SRB"]

1. c4 e6 2. Nc3 d5 3. d4 Nf6 4. Bg5 Be7 5. e3 0-0 6. Nf3 h6 7. Bxf6 Bxf6 8. cxd5 exd5 9. Qb3 c6 10. Bd3 Nd7 11. Rd1 Re8 1/2-1/2

[Event "SRB-chT 1st League"]
[Site "Banja Vrujci"]
[Date "2017.09.17"]
[Round "3.1"]
[White "Marcetic, Nikola"]
[Black "Cosovic, Miodrag"]
[Result "0-1"]
[WhiteElo "2354"]
[BlackElo "2215"]
[PlyCount "152"]
[EventDate "2017.09.16"]
[EventType "team"]
[EventRounds "11"]
[EventCountry "SRB"]
[SourceTitle "CBM 180 Extra"]
[Source "ChessBase"]
[SourceDate "2017.10.06"]
[SourceVersion "1"]
[SourceVersionDate "2017.10.06"]
[SourceQuality "1"]
[WhiteTeam "Pozega"]
[BlackTeam "Arandjelovac"]
[WhiteTeamCountry "SRB"]
[BlackTeamCountry "SRB"]

1. d4 d6 2. Nf3 g6 3. g3 Bg7 4. Bg2 Nf6 5. 0-0 0-0 6. b3 Re8 7. Bb2 e5 8. dxe5 Ng4 9. h3 Nxe5 10. Nxe5 dxe5 11. Qxd8 Rxd8 12. Na3 Nc6 13. Rfd1 Be6 14. Nb5 Rdc8 15. e3 a6 16. Nc3 Rd8 17. Nd5 Rd7 18. c4 Rad8 19. Ba3 Kh8 20. Kf1 e4 21. Rac1 f5 22. Ke2 Bxd5 23. cxd5 Rxd5 24. Rxd5 Rxd5 25. Bc5 Ne5 26. Bd4 c6 27. Bxe5 Bxe5 28. g4 Kg7 29. gxf5 gxf5 30. f3 exf3+ 31. Bxf3 Rd6 32. Rc5 Kf6 33. h4 Re6 34. Rc4 Bd6 35. Kf2 Bf8 36. Bg2 Bd6 37. Rc3 Ke5 38. Bf3 Kf6 39. Rc4 Bf8 40. Rc3 Bb4 41. Rc4 a5 42. e4 f4 43. Rc1 Ke5 44. Rd1 Bd6 45. Ke2 Rg6 46. h5 Rg3 47. Rh1 h6 48. Kf2 Bc5+ 49. Ke2 Rg7 50. Rd1 Bd4 51. Rc1 Rg8 52. a4 Rg3 53. Rh1 Rg8 54. Rc1 Ra8 55. Bg2 Ra6 56. Rd1 Rb6 57. Rd3 Rb4 58. Kf3 b5 59. axb5 cxb5 60. Bh3 a4 61. bxa4 bxa4 62. Bd7 Rb3 63. Rxb3 axb3 64. Ba4 b2 65. Bc2 Bc5 66. Bb1 Bd6 67. Ke2 Kf6 68. Kf3 Kg5 69. e5 Bxe5 70. Bg6 Bd4 71. Kg2 Kg4 72. Kf1 Kf3 73. Bb1 Ke3 74. Ke1 f3 75. Bg6 f2+ 76. Kf1 Kd2 0-1

[Event "SRB-chT"]
[Site "Kragujevac"]
[Date "2016.09.26"]
[Round "5.2"]
[White "Marcetic, Nikola"]
[Black "Vuckovic, Bojan"]
[Result "0-1"]
[WhiteElo "2385"]
[BlackElo "2572"]
[PlyCount "92"]
[EventDate "2016.09.22"]
[EventType "team-tourn"]
[EventRounds "11"]
[EventCountry "SRB"]
[SourceTitle "CBM 174 Extra"]
[Source "ChessBase"]
[SourceDate "2016.10.10"]
[SourceVersion "1"]
[SourceVersionDate "2016.10.10"]
[SourceQuality "1"]
[WhiteTeam "Pozega"]
[BlackTeam "Itaka"]
[WhiteTeamCountry "SRB"]
[BlackTeamCountry "SRB"]

1. d4 Nf6 2. Bg5 e6 3. e3 Be7 4. Nd2 b6 5. Ngf3 Bb7 6. Bd3 d6 7. c3 Nbd7 8. 0-0 h6 9. Bxf6 Bxf6 10. a4 a6 11. Re1 0-0 12. b4 d5 13. e4 e5 14. exd5 exd4 15. cxd4 Be7 16. Qb3 Nf6 17. b5 a5 18. Bc4 Nxd5 19. Re5 Nf6 20. Rd1 Bd6 21. Nf1 Qd7 22. h3 Rad8 23. Ree1 Qf5 24. Ne3 Qf4 25. Ne5 Bxe5 26. dxe5 Ne4 27. Re2 Rxd1+ 28. Nxd1 Qxe5 29. Ne3 Nc5 30. Qa2 Qf4 31. Nd5 Bxd5 32. Bxd5 Qc1+ 33. Kh2 Qf4+ 34. Kg1 Nxa4 35. Re4 Qc1+ 36. Kh2 Nc5 37. Bxf7+ Kh8 38. Rg4 Qc3 39. Qd5 Qf6 40. Bg6 Ne6 41. Bb1 Nc5 42. f4 Qd6 43. Qh5 Rxf4 44. Rg3 Nd7 45. Qe2 Nf6 46. Kh1 Rb4 0-1

[Event "SRB-chT"]
[Site "Kragujevac"]
[Date "2015.08.25"]
[Round "6.6"]
[White "Marcetic, Nikola"]
[Black "Roganovic, Milos"]
[Result "0-1"]
[WhiteElo "2383"]
[BlackElo "2526"]
[PlyCount "92"]
[EventDate "2015.08.20"]
[EventType "team-tourn"]
[EventRounds "11"]
[EventCountry "YUG"]
[SourceTitle "EXT 2016"]
[Source "ChessBase"]
[SourceDate "2015.10.08"]
[SourceVersion "1"]
[SourceVersionDate "2015.10.08"]
[SourceQuality "1"]
[WhiteTeam "Pozega"]
[BlackTeam "Goracici Jelica"]
[WhiteTeamCountry "SRB"]
[BlackTeamCountry "SRB"]

1. d4 e6 2. Nf3 c5 3. e3 Nf6 4. c4 d6 5. dxc5 Qa5+ 6. Bd2 Qxc5 7. Nc3 a6 8. Rc1 Qc7 9. Qa4+ Nbd7 10. b4 b6 11. Be2 Bb7 12. 0-0 Be7 13. Nd4 0-0 14. Qb3 Rac8 15. Rfd1 Qb8 16. Na4 Qa8 17. f3 d5 18. b5 Nc5 19. Nxc5 bxc5 20. bxa6 Bxa6 21. Nb5 Bxb5 22. cxb5 c4 23. Qc3 Rc5 24. Rb1 Rb8 25. b6 Nd7 26. Qc2 Rc6 27. a4 Rcxb6 28. a5 Rxb1 29. Rxb1 Rc8 30. Qa4 Nc5 31. Qb5 Nb3 32. Rxb3 cxb3 33. Qxb3 Qa7 34. a6 Bc5 35. Kf2 Rb8 36. Qa4 h6 37. Bd3 g6 38. Ke2 Qb6 39. Qf4 Qb2 40. Qxh6 Bb4 41. e4 Bxd2 42. Qxd2 Qa1 43. Ke3 Rb2 44. Bc2 Qa2 45. Qd4 Rxc2 46. a7 e5 0-1

[Event "Belgrade Planetwin 365 op"]
[Site "Belgrade"]
[Date "2014.12.29"]
[Round "16"]
[White "Marcetic, Nikola"]
[Black "Abramovic, Bosko"]
[Result "0-1"]
[WhiteElo "2314"]
[BlackElo "2385"]
[PlyCount "110"]
[EventDate "2014.12.29"]
[EventType "tourn (blitz)"]
[EventRounds "25"]
[EventCountry "SRB"]
[SourceTitle "CBM 164 Extra"]
[Source "ChessBase"]
[SourceDate "2015.03.02"]
[SourceVersion "1"]
[SourceVersionDate "2015.03.02"]
[SourceQuality "1"]

1. d4 Nf6 2. Bg5 e6 3. e3 Be7 4. Nd2 b6 5. c3 Ba6 6. Bxa6 Nxa6 7. Ngf3 c6 8. Qe2 Nc7 9. e4 d5 10. e5 Nd7 11. h4 h6 12. Bxe7 Qxe7 13. g4 c5 14. 0-0-0 0-0-0 15. Kb1 Kb8 16. dxc5 bxc5 17. c4 Nb6 18. Rc1 Rd7 19. cxd5 exd5 20. Nb3 Ne6 21. Qb5 Rc8 22. Na5 Rdc7 23. Rhd1 Ka8 24. Qa6 Qd7 25. Nd2 Qa4 26. Ndb3 c4 27. Nd4 Nc5 28. Qb5 Nd3 29. Qxa4 Nxa4 30. Rc2 a6 31. Nac6 Rb7 32. b3 Nb6 33. Ka1 Rbc7 34. bxc4 dxc4 35. Na5 Rc5 36. Nxc4 Nxc4 37. Rxd3 Nxe5 38. Rxc5 Rxc5 39. Re3 g6 40. f4 Nxg4 41. Re7 f5 42. Kb2 Nf2 43. Kb3 Ne4 44. Kb4 Rc8 45. Nb3 Ng3 46. Re6 Ne2 47. Rxe2 Rc6 48. Re7 Rb6+ 49. Kc5 Re6 50. Nd4 Rxe7 51. Nc6 Re2 52. Ne5 g5 53. hxg5 hxg5 54. Nd3 g4 55. Nc1 Rc2+ 0-1

[Event "Belgrade Planetwin 365 op"]
[Site "Belgrade"]
[Date "2014.12.29"]
[Round "19"]
[White "Marcetic, Nikola"]
[Black "Damljanovic, Branko"]
[Result "0-1"]
[WhiteElo "2314"]
[BlackElo "2552"]
[PlyCount "62"]
[EventDate "2014.12.29"]
[EventType "tourn (blitz)"]
[EventRounds "25"]
[EventCountry "SRB"]
[SourceTitle "CBM 164 Extra"]
[Source "ChessBase"]
[SourceDate "2015.03.02"]
[SourceVersion "1"]
[SourceVersionDate "2015.03.02"]
[SourceQuality "1"]

1. d4 d6 2. Nf3 Nf6 3. Nc3 Nbd7 4. e4 e5 5. Bg5 c6 6. a4 Be7 7. dxe5 dxe5 8. Bc4 0-0 9. h3 Ne8 10. Be3 Bb4 11. 0-0 Nd6 12. Bd3 Qe7 13. Na2 Bc5 14. Qe1 a5 15. Bxc5 Nxc5 16. Qe3 Nxa4 17. b3 Nb2 18. Be2 a4 19. Qc3 a3 20. Nd2 f5 21. Bf3 Nb5 22. Qe3 Nd4 23. Rfc1 f4 24. Qc3 Kh8 25. Nb4 Nb5 26. Nxc6 bxc6 27. Qxc6 Bd7 28. Qd5 Nc3 29. Qb7 Rfb8 30. Qc7 Rc8 31. Qb6 a2 0-1

[Event "Belgrade Planetwin 365 op"]
[Site "Belgrade"]
[Date "2014.12.29"]
[Round "14"]
[White "Marcetic, Nikola"]
[Black "Markus, Robert"]
[Result "0-1"]
[WhiteElo "2314"]
[BlackElo "2623"]
[PlyCount "53"]
[EventDate "2014.12.29"]
[EventType "tourn (blitz)"]
[EventRounds "25"]
[EventCountry "SRB"]
[SourceTitle "CBM 164 Extra"]
[Source "ChessBase"]
[SourceDate "2015.03.02"]
[SourceVersion "1"]
[SourceVersionDate "2015.03.02"]
[SourceQuality "1"]

1. d4 Nf6 2. Bg5 e6 3. e3 c5 4. c3 cxd4 5. exd4 Be7 6. Nd2 b6 7. Ngf3 Bb7 8. Bd3 d6 9. Bxf6 Bxf6 10. Qe2 a6 11. h4 Nd7 12. g4 Be7 13. g5 b5 14. Be4 Bxe4 15. Nxe4 d5 16. Ned2 Qc7 17. a3 Qf4 18. Qe3 Qf5 19. Rc1 Bd6 20. Ke2 f6 21. Qd3 Qxd3+ 22. Kxd3 Kf7 23. b4 e5 24. Kc2 e4 25. Ne1 Bf4 26. Ng2 fxg5 27. hxg5 0-1

[Event "Belgrade Planetwin 365 op"]
[Site "Belgrade"]
[Date "2014.12.29"]
[Round "3"]
[White "Roganovic, Milos"]
[Black "Marcetic, Nikola"]
[Result "1-0"]
[WhiteElo "2524"]
[BlackElo "2314"]
[PlyCount "88"]
[EventDate "2014.12.29"]
[EventType "tourn (blitz)"]
[EventRounds "25"]
[EventCountry "SRB"]
[SourceTitle "CBM 164 Extra"]
[Source "ChessBase"]
[SourceDate "2015.03.02"]
[SourceVersion "1"]
[SourceVersionDate "2015.03.02"]
[SourceQuality "1"]

1. e4 c5 2. Nf3 d6 3. d4 cxd4 4. Nxd4 Nf6 5. Nc3 g6 6. Be3 Bg7 7. f3 Nc6 8. Qd2 0-0 9. Bc4 Nxd4 10. Bxd4 Be6 11. Bxe6 fxe6 12. h4 Qa5 13. 0-0-0 Rac8 14. Kb1 Rc4 15. Ne2 Qxd2 16. Rxd2 Nd7 17. b3 Rcc8 18. h5 Bxd4 19. Nxd4 e5 20. Ne2 Kg7 21. Kb2 Nf6 22. hxg6 hxg6 23. c4 b6 24. Nc3 Rh8 25. Rdd1 Rxh1 26. Rxh1 a6 27. a4 a5 28. Nd5 Nxd5 29. cxd5 b5 30. axb5 Rb8 31. Rc1 Rxb5 32. Rc7 Kf6 33. Ka3 Kf7 34. Rc3 Rb4 35. Rc7 Kf6 36. Ra7 Rb5 37. Rc7 Rb4 38. Rc4 Rb5 39. Ka4 Rb7 40. Rc3 Ra7 41. Rc1 e6 42. Rc6 Ke7 43. Kb5 Rb7+ 44. Rb6 Rc7 1-0

[Event "SRB-chT Central"]
[Site "Kraljevo"]
[Date "2014.09.20"]
[Round "10.4"]
[White "Ivanovic, Dragutin"]
[Black "Marcetic, Nikola"]
[Result "0-1"]
[WhiteElo "2339"]
[BlackElo "2389"]
[PlyCount "164"]
[EventDate "2014.09.13"]
[EventType "team-tourn"]
[EventRounds "11"]
[EventCountry "SRB"]
[SourceTitle "CBM 162 Extra"]
[Source "ChessBase"]
[SourceDate "2014.10.17"]
[SourceVersion "1"]
[SourceVersionDate "2014.10.17"]
[SourceQuality "1"]
[WhiteTeam "Ub"]
[BlackTeam "Pozega"]
[WhiteTeamCountry "SRB"]
[BlackTeamCountry "SRB"]

1. d4 d5 2. c4 c6 3. cxd5 cxd5 4. Nc3 Nf6 5. Bf4 Nc6 6. e3 Bf5 7. Qb3 Na5 8. Qa4+ Bd7 9. Bb5 e6 10. Nf3 a6 11. Bxd7+ Nxd7 12. Bg5 f6 13. Bf4 b5 14. Qd1 Bb4 15. 0-0 Bxc3 16. bxc3 Nc4 17. Qe2 Ndb6 18. g4 Na4 19. Rac1 Rc8 20. g5 f5 21. g6 hxg6 22. Kh1 Nd6 23. Rg1 Nxc3 24. Qe1 Nce4 25. Rxc8 Qxc8 26. Rxg6 Nf7 27. Ne5 Nxe5 28. Bxe5 Qc2 29. Rg2 Rh3 30. f3 Qc3 31. Qe2 Nf6 32. Rxg7 Nd7 33. Bf4 Rh8 34. Bg5 Qc1+ 35. Kg2 Qc7 36. f4 Kf8 37. Re7 Qc6 38. h4 Nf6 39. Bxf6 Rg8+ 40. Bg5 Rxg5+ 41. fxg5 Kxe7 42. h5 Kf7 43. Qf2 b4 44. Kh3 Qc1 45. Kg2 Qd1 46. Qf3 Qc2+ 47. Kf1 Qb1+ 48. Kf2 Qxa2+ 49. Kg3 Qb1 50. Kh2 Qc2+ 51. Kg1 b3 52. g6+ Ke7 53. g7 b2 54. g8Q b1Q+ 55. Qf1 Qxf1+ 56. Kxf1 Qd1+ 57. Kf2 Qxh5 58. Qb8 Qh4+ 59. Ke2 Qe4 60. Kf2 Qc2+ 61. Kf3 Qc6 62. Qa7+ Kf6 63. Qb8 Qd7 64. Qf8+ Qf7 65. Qd8+ Kg7 66. Kf4 Qf6 67. Qd7+ Kh6 68. Qe8 a5 69. Qa8 Qh4+ 70. Kf3 Qg4+ 71. Kf2 f4 72. Qh8+ Kg6 73. Qg8+ Kf5 74. Qf7+ Ke4 75. Qh7+ Qf5 76. Qh1+ Kd3 77. Qd1+ Kc3 78. Qa1+ Kb3 79. Qxa5 fxe3+ 80. Kxe3 Qe4+ 81. Kf2 Qxd4+ 82. Ke2 e5 0-1

[Event "SRB-chT Central"]
[Site "Kraljevo"]
[Date "2014.09.17"]
[Round "6.6"]
[White "Ilic, Dragan M"]
[Black "Marcetic, Nikola"]
[Result "1/2-1/2"]
[WhiteElo "2365"]
[BlackElo "2389"]
[PlyCount "27"]
[EventDate "2014.09.13"]
[EventType "team-tourn"]
[EventRounds "11"]
[EventCountry "SRB"]
[SourceTitle "CBM 162 Extra"]
[Source "ChessBase"]
[SourceDate "2014.10.17"]
[SourceVersion "1"]
[SourceVersionDate "2014.10.17"]
[SourceQuality "1"]
[WhiteTeam "Valjevo 2005"]
[BlackTeam "Pozega"]
[WhiteTeamCountry "SRB"]
[BlackTeamCountry "SRB"]

1. d4 d5 2. c4 e6 3. Nc3 Nf6 4. Nf3 Be7 5. cxd5 exd5 6. Bg5 c6 7. e3 Bf5 8. Bd3 Bxd3 9. Qxd3 Nbd7 10. 0-0 0-0 11. Rfc1 a5 12. Nd2 Re8 13. Na4 h6 14. Bxf6 1/2-1/2

[Event "SRB-chT Central"]
[Site "Kraljevo"]
[Date "2014.09.17"]
[Round "7.2"]
[White "Marcetic, Nikola"]
[Black "Bojkovic, Slobodan"]
[Result "1-0"]
[WhiteElo "2389"]
[BlackElo "2216"]
[PlyCount "53"]
[EventDate "2014.09.13"]
[EventType "team-tourn"]
[EventRounds "11"]
[EventCountry "SRB"]
[SourceTitle "CBM 162 Extra"]
[Source "ChessBase"]
[SourceDate "2014.10.17"]
[SourceVersion "1"]
[SourceVersionDate "2014.10.17"]
[SourceQuality "1"]
[WhiteTeam "Pozega"]
[BlackTeam "Nis"]
[WhiteTeamCountry "SRB"]
[BlackTeamCountry "SRB"]

1. d4 d5 2. Nf3 Nf6 3. c4 c6 4. e3 g6 5. Nc3 Bg7 6. h3 0-0 7. Bd3 e6 8. 0-0 Nbd7 9. Qe2 c5 10. Rd1 Qe7 11. b3 b6 12. Ba3 Bb7 13. cxd5 exd5 14. Rac1 Rfc8 15. Bb5 Bf8 16. Na4 a6 17. Bxd7 Nxd7 18. dxc5 bxc5 19. Qd2 Qe6 20. Bb2 Be7 21. Ne1 Nb6 22. Nxc5 Bxc5 23. Rxc5 Rf8 24. Rc7 Rab8 25. Qd4 f6 26. Nf3 Na8 27. Rxh7 1-0